[Event "Titled Tue 17th Jun Late"]
[Site "chess.com INT"]
[Date "2025.06.17"]
[Round "3"]
[White "Ady, Jonathan J."]
[Black "Arabidze, Meri"]
[Result "1-0"]
[WhiteTitle "FM"]
[BlackTitle "IM"]
[WhiteElo "2355"]
[BlackElo "2440"]
[WhiteFideId "6000240"]
[BlackFideId "13604040"]
[EventDate "2025.06.17"]

1. e4 c5 2. Nf3 e6 3. d4 cxd4 4. Nxd4 Nc6 5. Nc3 Qc7 6. Be3 a6 7. Be2 Nf6 8. a3
Be7 9. f4 d6 10. g4 b5 11. g5 Nd7 12. Nxc6 Qxc6 13. Bf3 Bb7 14. Qe2 Nb6 15. f5
Nc4 16. Bc1 Ne5 17. Bg2 Qc4 18. Qxc4 bxc4 19. fxe6 fxe6 20. O-O O-O-O 21. Bh3
Kd7 22. Bf4 Ng6 23. Be3 Rdf8 24. Rad1 Bc8 25. Nd5 Kc6 26. Nxe7+ Nxe7 27. Rd4 d5
28. exd5+ exd5 29. Bg2 Rxf1+ 30. Kxf1 Nf5 31. Rxc4+ Kd7 32. Rc3 d4 33. Bxd4 Nxd4
34. Rd3 Rf8+ 35. Kg1 Kc7 36. Rxd4 Bf5 37. c3 Re8 38. Kf2 g6 39. Bf1 a5 40. Bb5
Re5 41. a4 Rc5 42. Ke3 Re5+ 43. Kd2 Bc8 44. h4 Rf5 45. Ke3 Re5+ 46. Re4 Rf5 47.
Re7+ Kb6 48. Rxh7 Bb7 49. Rg7 Rf3+ 50. Ke2 Rh3 51. Rxg6+ Kc5 52. Rh6 Be4 53. g6
Rg3 54. h5 Bf5 55. Rh8 Bg4+ 56. Kf2 Rf3+ 57. Kg2 Rf6 58. Kg3 Be6 59. Kh4 Rf2 60.
Kg5 Rg2+ 61. Kh6 Rh2 62. Kg7 Rg2 63. Be8 Bf5 64. Bf7 Kd6 65. h6 Ke5 66. Re8+ Kf4
67. h7 1-0

[Event "Titled Tue 17th Jun Late"]
[Site "chess.com INT"]
[Date "2025.06.17"]
[Round "3"]
[White "Vila Dupla, Aurelio"]
[Black "Pullela, Sricharan"]
[Result "1/2-1/2"]
[WhiteTitle "FM"]
[WhiteElo "2056"]
[BlackElo "2144"]
[WhiteFideId "2203383"]
[BlackFideId "30951089"]
[EventDate "2025.06.17"]

1. Nf3 e6 2. g3 d5 3. Bg2 Nf6 4. O-O Be7 5. b3 O-O 6. Bb2 c6 7. d4 Nbd7 8. c4 a5
9. Nc3 b6 10. Re1 Ba6 11. Nd2 b5 12. e4 b4 13. Na4 Rc8 14. c5 Nxe4 15. Nxe4 dxe4
16. Bxe4 Nf6 17. Bg2 Bb5 18. Nb6 Rb8 19. a3 Nd5 20. Nxd5 exd5 21. axb4 axb4 22.
Qd2 Bf6 23. Ra7 Re8 24. h3 Rxe1+ 25. Qxe1 g6 26. Qxb4 Bc4 27. Rb7 Rxb7 28. Qxb7
Bb5 29. Bf1 Bxf1 30. Kxf1 Qe8 31. b4 Qe4 32. Qxc6 Qb1+ 33. Kg2 Qe4+ 34. Kh2 Qf3
35. Qe8+ Kg7 36. Qe3 Qf5 37. b5 Qc2 38. Bc3 Qb3 39. b6 h5 40. h4 Qb5 41. Qd2 Qa6
42. Qb2 Qb7 43. c6 Qxc6 44. b7 Bxh4 45. b8=Q Bf6 46. Qf4 Qe6 47. Qbd2 h4 48.
Qde3 Qc6 49. Qh6+ Kg8 50. gxh4 Qc7+ 51. Qhf4 Qc6 52. h5 gxh5 53. Qeg3+ Kf8 54.
Qgf3 Ke7 55. Qxf6+ Qxf6 56. Qxf6+ Kxf6 57. Kg3 Kf5 58. Kh4 Kf4 59. Bd2+ Kf3 60.
Be3 f5 61. Kxh5 f4 62. Bxf4 Kxf4 63. Kg6 Ke4 64. Kg5 Kxd4 65. f4 Ke4 66. f5 d4
67. f6 d3 68. f7 d2 69. f8=Q d1=Q 70. Qe8+ Kd3 71. Qd7+ Ke2 72. Qxd1+ Kxd1 1/2-1/2

[Event "Titled Tue 17th Jun Late"]
[Site "chess.com INT"]
[Date "2025.06.17"]
[Round "3"]
[White "Alvarado, Carlos"]
[Black "Sadykov, Ramil"]
[Result "0-1"]
[WhiteTitle "CM"]
[BlackTitle "FM"]
[WhiteElo "2032"]
[BlackElo "2264"]
[WhiteFideId "3800555"]
[BlackFideId "24113590"]
[EventDate "2025.06.17"]

1. Nf3 Nf6 2. d4 e6 3. Bg5 c5 4. c3 b6 5. Nbd2 Bb7 6. e3 Be7 7. Be2 h6 8. Bh4
O-O 9. O-O d6 10. a4 a6 11. h3 Nbd7 12. Qb1 Qc7 13. Bg3 Rfe8 14. Rd1 Bf8 15. Nb3
e5 16. Nfd2 d5 17. a5 b5 18. dxc5 Nxc5 19. Nxc5 Bxc5 20. Nb3 Bd6 21. Bf3 Rad8
22. Nd2 e4 23. Bxd6 Rxd6 24. Be2 Nd7 25. Nb3 Ne5 26. Nd4 Bc8 27. Bxb5 axb5 28.
Nxb5 Qd7 29. Nxd6 Qxd6 30. Qxe4 Bb7 31. a6 Ba8 32. Qd4 Qg6 33. Kh2 Qd6 34. Qf4
g5 35. Qg3 Qf6 36. Rd4 Nc4 37. b3 Nd6 38. Qf3 Qe5+ 39. Kg1 Nb5 40. a7 Nxd4 41.
cxd4 Qd6 42. Qg4 Qe6 43. Qxe6 Rxe6 44. Rc1 Rc6 45. Rxc6 Bxc6 46. b4 Kf8 47. b5
Bb7 48. f3 Ke7 49. Kf2 Kd6 50. Kg3 f5 51. f4 Kc7 52. fxg5 hxg5 53. h4 gxh4+ 54.
Kf4 Kb6 55. Kxf5 Kxa7 56. Kg5 Kb6 57. Kxh4 Kxb5 58. g4 Bc8 59. g5 Be6 60. Kg3
Kc4 61. Kf4 Kd3 62. Ke5 Bf7 63. g6 Bg8 64. e4 dxe4 65. d5 e3 66. d6 e2 67. d7
e1=Q+ 68. Kf6 Qh4+ 69. Kg7 Qd8 0-1

[Event "Titled Tue 17th Jun Late"]
[Site "chess.com INT"]
[Date "2025.06.17"]
[Round "3"]
[White "Palczert, Matyas"]
[Black "Sanal, Vahap"]
[Result "1/2-1/2"]
[WhiteTitle "FM"]
[BlackTitle "GM"]
[WhiteElo "2396"]
[BlackElo "2564"]
[WhiteFideId "784958"]
[BlackFideId "6300545"]
[EventDate "2025.06.17"]

1. b3 d5 2. Bb2 Bf5 3. d3 e6 4. Nd2 Nf6 5. Ngf3 Nbd7 6. g3 Be7 7. Bg2 O-O 8. O-O
a5 9. a3 h6 10. Re1 c6 11. e4 Bh7 12. Qe2 Qb6 13. Bd4 Bc5 14. Bxc5 Qxc5 15. c4
dxe4 16. dxe4 e5 17. Nh4 Rfd8 18. Nf5 Nf8 19. Nf3 Ne6 20. N3h4 Nd4 21. Qe3 Bxf5
22. Nxf5 b6 23. Rad1 Ng4 24. Qc1 Nxf5 25. exf5 Nxf2 26. Rxd8+ Rxd8 27. Qe3 Qxe3
28. Rxe3 Ng4 29. Re1 Rd3 30. b4 Rxa3 31. bxa5 Rxa5 32. Bxc6 Rc5 33. Bd5 Kf8 34.
h3 Nf6 35. Rxe5 b5 36. Re1 bxc4 37. Bg2 Rxf5 38. Rc1 Rc5 39. Kf2 g6 40. Ke3 h5
41. h4 Ke7 42. Kd4 Kd6 43. Rxc4 Rxc4+ 44. Kxc4 Ke5 45. Kd3 Ng4 46. Ke2 f5 47.
Kf3 Ke6 48. Kf4 Kf6 49. Bc6 Ne5 50. Bd5 Nd3+ 51. Kf3 Nb4 52. Bb7 Nc2 53. Kf4 Nd4
54. Bd5 Ne6+ 55. Kf3 Ke5 56. Bc4 Nd4+ 57. Ke3 Nc6 58. Bf7 Ne7 59. Be8 Kf6 60.
Kf4 Nc8 61. Kf3 Nd6 62. Bc6 Ke5 63. Bd7 Kf6 64. Bc6 Nc4 65. Bb5 Na3 66. Bd3 Ke5
67. Ke3 Ke6 68. Kf4 Kf6 69. Kf3 Ke5 70. Ke3 Ke6 71. Kf4 Kf6 72. Kf3 1/2-1/2

[Event "Titled Tue 17th Jun Late"]
[Site "chess.com INT"]
[Date "2025.06.17"]
[Round "3"]
[White "Bacus, Dharim"]
[Black "Gkavardinas, Antonios"]
[Result "0-1"]
[WhiteTitle "FM"]
[BlackTitle "FM"]
[WhiteElo "2131"]
[BlackElo "2278"]
[WhiteFideId "5201527"]
[BlackFideId "25883097"]
[EventDate "2025.06.17"]

1. e4 c6 2. d4 d5 3. Nd2 dxe4 4. Nxe4 Bf5 5. Ng3 Bg6 6. Nf3 Nd7 7. h4 h6 8. Bd3
Bxd3 9. Qxd3 Ngf6 10. Bf4 e6 11. O-O-O Qa5 12. Kb1 Nd5 13. Bd2 Qc7 14. Ne4 N7f6
15. c4 Nxe4 16. Qxe4 Nf6 17. Qe2 Bd6 18. Ne5 O-O-O 19. Bc3 c5 20. g4 cxd4 21.
Bxd4 Bxe5 22. Bxe5 Qc6 23. h5 b6 24. b3 Kb7 25. Kb2 Rhg8 26. f3 Nd7 27. Rd6 Qc5
28. Rhd1 Kc8 29. Bc3 Nf6 30. Rxd8+ Rxd8 31. Rxd8+ Kxd8 32. g5 Qxg5 33. Qd3+ Nd7
34. Qd6 Qxh5 35. Bxg7 Qxf3 36. Bf8 Qf2+ 37. Kb1 Qf1+ 38. Kb2 Qf2+ 39. Kb1 Qe1+
40. Kc2 Qe2+ 41. Kc3 Qe3+ 42. Kc2 Qe2+ 43. Kc1 Qf1+ 44. Kc2 Qg2+ 45. Kb1 Qg6+
46. Kc1 Qg5+ 47. Kc2 Qf5+ 48. Kd1 Qc5 49. Be7+ Ke8 50. b4 Qxd6+ 51. Bxd6 h5 52.
c5 bxc5 53. bxc5 Nf6 54. c6 Kd8 55. Ke2 Kc8 56. Kf3 Ne8 57. Be5 f6 58. Bg3 e5
59. Ke4 Ng7 60. Kd5 Kc7 61. Bh4 Ne8 62. Ke6 Kxc6 63. Ke7 e4 64. Kxe8 f5 65. Kf7
f4 66. Kg6 e3 67. Kf5 f3 0-1

[Event "Titled Tue 17th Jun Late"]
[Site "chess.com INT"]
[Date "2025.06.17"]
[Round "3"]
[White "Deng, Henry"]
[Black "Norman, Kseniya"]
[Result "0-1"]
[WhiteTitle "FM"]
[BlackTitle "WFM"]
[WhiteElo "2327"]
[BlackElo "2069"]
[WhiteFideId "30965454"]
[BlackFideId "13518780"]
[EventDate "2025.06.17"]

1. Nf3 Nf6 2. b3 g6 3. Bb2 Bg7 4. e3 O-O 5. Be2 d6 6. O-O e5 7. d4 Nbd7 8. dxe5
Ng4 9. c4 Re8 10. Nc3 Ngxe5 11. Rc1 Nxf3+ 12. Bxf3 Ne5 13. Be2 b6 14. f4 Nc6 15.
Bf3 Bb7 16. Qd2 Qc8 17. Nd5 Qd8 18. Bxg7 Kxg7 19. g4 f6 20. Qc3 Na5 21. g5 Bxd5
22. Bxd5 c6 23. Bg2 Rc8 24. b4 Nb7 25. Rcd1 Qe7 26. Rfe1 Red8 27. h4 Kf7 28. e4
fxg5 29. hxg5 h6 30. gxh6 Qf8 31. e5 Qxh6 32. e6+ Ke7 33. Qg3 Rf8 34. b5 Qxf4
35. Qxf4 Rxf4 36. Rd3 Na5 37. Rh3 Nxc4 38. Rh7+ Kf6 39. e7 Ne5 40. Bxc6 Rg4+ 41.
Kh1 Nxc6 42. bxc6 Re8 43. Rc1 Re4 44. c7 Rc8 45. Rf1+ Kg5 46. Rf8 Rxc7 47. Rff7
Rc1+ 48. Kg2 Rc2+ 49. Kf3 Rd4 50. Rh8 Rd3+ 51. Ke4 Rd1 52. e8=Q Re2+ 53. Kf3
Rxe8 54. Rxe8 Rf1+ 55. Ke4 Rxf7 56. Ra8 Rd7 57. Re8 d5+ 58. Kd4 Kf6 59. Rf8+ Kg7
60. Rf1 g5 61. Ke5 Kg6 62. Ke6 Rd8 63. Ke7 Rc8 64. Ke6 d4 65. Ke5 Rd8 66. Ke4 d3
67. Ke3 d2 68. Rd1 Kf5 69. Ke2 Ke4 70. Rg1 d1=Q+ 71. Rxd1 Rxd1 72. Kxd1 Kf3 73.
Kd2 Kf2 74. Kc3 g4 75. Kd4 g3 76. Kd5 g2 77. Kd6 g1=Q 78. Kc7 Qb1 79. Kb8 Qxa2
80. Kb7 b5 81. Kb8 b4 82. Ka8 b3 83. Kb8 b2 84. Ka8 Qa3 85. Kb7 b1=Q+ 86. Ka8
Qe4+ 87. Kb8 Qd6+ 88. Kc8 Qa8# 0-1

[Event "Titled Tue 17th Jun Late"]
[Site "chess.com INT"]
[Date "2025.06.17"]
[Round "3"]
[White "Makridis, Dimitrios"]
[Black "Hakobyan, Aram"]
[Result "1-0"]
[WhiteTitle "FM"]
[BlackTitle "GM"]
[WhiteElo "2283"]
[BlackElo "2620"]
[WhiteFideId "25864475"]
[BlackFideId "13306677"]
[EventDate "2025.06.17"]

1. e4 e6 2. d4 d5 3. Nc3 Bb4 4. e5 c5 5. a3 Bxc3+ 6. bxc3 Qa5 7. Bd2 Qa4 8. Qg4
g6 9. Nf3 Nc6 10. Be2 Qxc2 11. dxc5 Qe4 12. Qxe4 dxe4 13. Ng5 f5 14. exf6 Nxf6
15. f3 exf3 16. Bxf3 Ne5 17. O-O O-O 18. Rae1 Nd3 19. Re2 e5 20. c6 bxc6 21.
Bxc6 Rb8 22. Re3 Ng4 23. Bd5+ Kg7 24. Rxd3 Rxf1+ 25. Kxf1 Rb1+ 26. Ke2 Nf6 27.
c4 Bg4+ 28. Kf2 Bf5 29. Rc3 Rb2 30. Ke1 e4 31. Be6 h6 32. Bxf5 gxf5 33. Ne6+ Kf7
34. Nd4 Kg6 35. c5 Nd5 36. Rc2 Rb1+ 37. Rc1 Rb8 38. c6 e3 39. Ba5 Nf4 40. c7
Nd3+ 41. Kd1 Rc8 42. Rc6+ Kg5 43. Ke2 Ne5 44. Rc5 Nd7 45. Rxf5+ Kg6 46. Kxe3 Nb6
47. Bxb6 axb6 48. Rb5 Rxc7 49. Rxb6+ Kh5 50. a4 Rc3+ 51. Ke4 Ra3 52. Rb5+ Kg6
53. a5 Ra4 54. Rb6+ Kh5 55. a6 Kh4 56. Kd5 h5 57. Nc6 Ra2 58. a7 Rd2+ 59. Nd4
Ra2 60. Rb7 Ra6 61. Nb5 Ra5 62. Rb8 Ra2 63. a8=Q Rd2+ 64. Nd4 Rf2 65. Rb4 Rxg2
66. Nf3+ Kh3 67. Qc8+ Rg4 68. Rxg4 hxg4 69. Qf5 Kg2 70. Qxg4+ Kh1 71. Qf4 Kg2
72. h4 Kh3 73. Ng5+ Kg2 74. h5 Kh1 75. Qd2 Kg1 76. Ke4 Kf1 77. Kf3 Kg1 78. Qg2# 1-0

[Event "Titled Tue 17th Jun Late"]
[Site "chess.com INT"]
[Date "2025.06.17"]
[Round "3"]
[White "Goryachkina, Aleksandra"]
[Black "Makaraci, Tunahan"]
[Result "1-0"]
[WhiteTitle "GM"]
[BlackTitle "FM"]
[WhiteElo "2533"]
[BlackElo "2233"]
[WhiteFideId "4147103"]
[BlackFideId "6356559"]
[EventDate "2025.06.17"]

1. e4 c5 2. Nf3 d6 3. d4 cxd4 4. Nxd4 Nf6 5. Nc3 g6 6. Be3 Bg7 7. f3 O-O 8. Qd2
Nc6 9. O-O-O d5 10. exd5 Nxd5 11. Nxc6 bxc6 12. Bd4 e5 13. Bc5 Be6 14. Ne4 Re8
15. h4 Nf4 16. Qxd8 Rexd8 17. Ba6 Bd5 18. g4 Ne6 19. Be3 Nd4 20. Bxd4 exd4 21.
g5 Bxe4 22. fxe4 Rab8 23. Bc4 Re8 24. Rdf1 Re7 25. h5 Be5 26. Rf3 Rf8 27. Kd1
Kg7 28. h6+ Kg8 29. Rhf1 a5 30. Ke2 d3+ 31. cxd3 Bxb2 32. Rb1 Bd4 33. Kf1 Kh8
34. Ke2 Kg8 35. a4 Kh8 36. Rbf1 Kg8 37. Rf4 Rb7 38. Kf3 Re7 39. Kg4 Rb7 40. R4f3
Re7 41. Rb1 Rd7 42. Rff1 Re7 43. Rf3 Rd7 44. Ba2 Re7 45. Rc1 Rc7 46. Rff1 c5 47.
Rf3 Rb7 48. Bd5 Rc7 49. Rb1 Re7 50. Bc4 Bc3 51. Rb6 Bb4 52. Rd6 Rc7 53. Rdf6 Re7
54. Rd6 Bc3 55. Rc6 Bd4 56. Bd5 Rd7 57. Rf1 Re7 58. Bc4 Rd7 59. Rb1 Re7 60. Rcb6
Kh8 61. Rb8 Ree8 62. Rxe8 Rxe8 63. Bxf7 Rf8 64. Bc4 Be5 65. Rb7 Rf4+ 66. Kh3
Rf3+ 67. Kg2 Rf8 68. Rd7 Bf4 69. Rd5 Be3 70. Kg3 Bf4+ 71. Kg4 Be3 72. e5 Rf4+
73. Kg3 Rf8 74. e6 Re8 75. e7 Bd4 76. Rd8 Be5+ 77. Kg4 1-0

[Event "Titled Tue 17th Jun Late"]
[Site "chess.com INT"]
[Date "2025.06.17"]
[Round "3"]
[White "Stemmler, Fabian"]
[Black "Suarez, Pedro"]
[Result "1/2-1/2"]
[WhiteTitle "CM"]
[BlackTitle "CM"]
[WhiteElo "2190"]
[BlackElo "2066"]
[WhiteFideId "12964808"]
[BlackFideId "3007642"]
[EventDate "2025.06.17"]

1. e4 d6 2. d4 Nf6 3. Nc3 Nbd7 4. f4 e5 5. Nf3 exd4 6. Qxd4 c6 7. Be3 d5 8. e5
Bc5 9. Qd2 Bxe3 10. Qxe3 Qe7 11. O-O-O Ng4 12. Qd2 Qc5 13. Nd4 Nb6 14. h3 Nh6
15. g4 Bd7 16. f5 O-O-O 17. f6 gxf6 18. Qxh6 fxe5 19. Nf5 Be6 20. Kb1 d4 21. Ne4
Bxa2+ 22. Kxa2 Qd5+ 23. Kb1 Qxe4 24. Bd3 Qg2 25. Rhg1 Qf2 26. Rdf1 Qh2 27. Nd6+
Kb8 28. Nxf7 e4 29. Bxe4 Nc4 30. Qf4+ Qxf4 31. Rxf4 Rhf8 32. Rgf1 Rde8 33. Bxh7
Nd2+ 34. Kc1 Nxf1 35. Rxf1 Re3 36. h4 Rh3 37. h5 Rg3 38. Bg6 Rxg4 39. b3 Kc7 40.
Re1 Rh4 41. Re7+ Kb6 42. Kb2 a5 43. h6 Rxf7 44. Bxf7 Rxh6 45. Bc4 Rd6 46. Bd3 c5
47. Bf5 Rc6 48. Be4 Rc7 49. Rxc7 Kxc7 50. Ka3 b5 51. Bd3 Kb6 52. Kb2 Kc6 53.
Be4+ Kd6 54. Bg6 Kd5 55. Bf7+ Kd6 56. Be8 b4 57. Bb5 Kd5 58. Bc4+ Ke4 59. Kc1
Ke3 60. Kd1 Kf2 61. Kd2 Kf3 62. Kd3 Kf4 63. Ke2 Ke4 64. Bd3+ Kf4 65. Kf2 Kg4 66.
Bc4 Kf4 67. Bd5 Ke5 68. Bc4 Kf4 69. Ke2 Ke4 70. Bd3+ Ke5 71. Bh7 c4 72. bxc4 a4
73. c5 b3 74. cxb3 axb3 75. Bg8 b2 76. Ba2 b1=Q 77. Bxb1 Kd5 78. Kd3 Kxc5 79.
Ba2 Kb4 80. Bc4 Ka3 81. Kxd4 1/2-1/2

[Event "Titled Tue 17th Jun Late"]
[Site "chess.com INT"]
[Date "2025.06.17"]
[Round "3"]
[White "Guliev, Gasan"]
[Black "Winkels, Marcel"]
[Result "1-0"]
[WhiteTitle "CM"]
[BlackTitle "CM"]
[WhiteElo "2123"]
[BlackElo "1905"]
[WhiteFideId "34165638"]
[BlackFideId "1003887"]
[EventDate "2025.06.17"]

1. c4 e5 2. Nc3 d6 3. g3 f5 4. Bg2 Nf6 5. d3 Be7 6. Bg5 O-O 7. e3 Nbd7 8. Nge2
c6 9. O-O Qe8 10. f4 Qh5 11. h3 h6 12. Bxf6 Rxf6 13. d4 Rg6 14. Kh2 e4 15. Ng1
Qxd1 16. Rfxd1 Nb6 17. b3 d5 18. cxd5 Nxd5 19. Nxd5 cxd5 20. Ne2 Rc6 21. Rac1
Bd7 22. Nc3 Rac8 23. Ne2 Ba3 24. Rxc6 Rxc6 25. Rd2 Bb4 26. Rb2 Ba3 27. Rd2 Rc7
28. Kg1 Bb5 29. Kf2 Bd3 30. Bf1 Bb4 31. Rb2 g6 32. g4 Kf7 33. Ng3 Ke6 34. gxf5+
gxf5 35. h4 Rc1 36. Bh3 Be1+ 37. Kg2 Bxg3 38. Kxg3 Rg1+ 39. Kf2 Rc1 40. Rd2 b5
41. Kg2 b4 42. Kh2 Re1 43. Rg2 Rxe3 44. Rg6+ Kf7 45. Bxf5 Re2+ 46. Kg3 Rxa2 47.
Rxh6 e3 48. Bxd3 e2 49. Kf2 Rb2 50. Ra6 Rxb3 51. Rxa7+ Kf6 52. Kxe2 Rb2+ 53. Ke3
Rh2 54. Rh7 b3 55. h5 b2 56. Rb7 Rh3+ 57. Kd2 Rh2+ 58. Kc3 Rh3 59. Rxb2 Rxh5 60.
f5 Rh3 61. Rb6+ Kg5 62. Rg6+ Kf4 63. f6 Ke3 64. f7 Rh8 65. Re6+ Kf2 66. Re8 Rh2
67. f8=Q+ Kg1 68. Qg7+ Rg2 69. Qxg2+ Kxg2 70. Bb5 Kg3 71. Bc6 Kf4 72. Bxd5 Kf5
73. Re1 Kf6 74. Kd2 Kf5 75. Bb3 Kf6 76. d5 Kf5 77. d6 Kf6 78. Bd1 Kg6 79. d7 Kf5
80. d8=Q Kf4 81. Qd4+ 1-0

[Event "Titled Tue 17th Jun Late"]
[Site "chess.com INT"]
[Date "2025.06.17"]
[Round "3"]
[White "Melendez Manuel A."]
[Black "Daspres, Loic"]
[Result "0-1"]
[WhiteTitle "FM"]
[BlackTitle "CM"]
[WhiteElo "2154"]
[BlackElo "2207"]
[WhiteFideId "6706800"]
[BlackFideId "20612281"]
[EventDate "2025.06.17"]

1. d4 Nf6 2. Nf3 e6 3. e3 d5 4. Bd3 c5 5. b3 Nc6 6. O-O Be7 7. Bb2 O-O 8. Nbd2
Qc7 9. a3 cxd4 10. exd4 Bd7 11. Ne5 Be8 12. f4 g6 13. Qe2 Nd7 14. Rae1 Nd8 15.
Nxd7 Qxd7 16. f5 Bf6 17. fxe6 fxe6 18. a4 Be7 19. Nf3 Nc6 20. Qxe6+ Qxe6 21.
Rxe6 Bd7 22. Re2 Rae8 23. h3 Bd6 24. Rfe1 Bg3 25. Rxe8 Bxe8 26. Rf1 Nb4 27. Ne5
Nxd3 28. Rxf8+ Kxf8 29. Nxd3 b6 30. Bc1 Bd7 31. Bf4 Bh4 32. Bb8 a6 33. Bc7 b5
34. a5 Be7 35. Kf2 Kf7 36. Ke3 Bf5 37. Kd2 Be4 38. g3 h5 39. h4 Ke6 40. Ne5 Kf5
41. c3 Bf6 42. b4 Bg7 43. Ke3 Bh6+ 44. Kf2 Bd2 45. Nd7 Bxc3 46. Be5 Bxb4 47. Nb8
Bxa5 48. Nxa6 Bc3 49. Nc5 b4 50. Na4 Bc2 51. Nxc3 bxc3 52. Ke2 Be4 53. Bg7 Kg4
54. Be5 Kh3 55. Ke1 Kg2 56. Ke2 Kg1 57. Ke1 Bf5 58. Ke2 Kg2 59. Ke1 Bg4 60. Bf6
Kf3 61. Be5 Ke4 62. Kf2 Kd3 63. Bf4 Kc2 64. Ke3 Bf5 65. Bh6 Kb2 66. Bf4 Kb1 67.
Ke2 c2 68. Bc1 Kxc1 69. Ke3 Kb1 70. Kf4 c1=Q+ 71. Ke5 Qg1 72. Kf6 Qxg3 73. Kg7
Qd3 74. Kh6 Qxd4 75. Kh7 Bc2 76. Kh6 Qxh4 77. Kg7 g5 78. Kh6 g4 79. Kg7 g3 80.
Kh8 Qe7 81. Kg8 Qb7 82. Kh8 h4 83. Kg8 h3 84. Kf8 d4 85. Kg8 d3 86. Kf8 h2 87.
Kg8 g2 88. Kh8 d2 89. Kg8 Ka2 0-1

[Event "Titled Tue 17th Jun Late"]
[Site "chess.com INT"]
[Date "2025.06.17"]
[Round "3"]
[White "Da Matta, Eduardo Cesar"]
[Black "Logachiov, Aleksandr"]
[Result "0-1"]
[BlackTitle "CM"]
[WhiteElo "2047"]
[BlackElo "2129"]
[WhiteFideId "2193108"]
[BlackFideId "24123706"]
[EventDate "2025.06.17"]

1. d4 d5 2. c4 e6 3. Nc3 c6 4. e3 f5 5. g3 Nf6 6. Bg2 Nbd7 7. Nf3 Bd6 8. O-O O-O
9. b3 Ne4 10. Bb2 Qe7 11. Ne2 g5 12. Nc1 g4 13. Ne5 Nxe5 14. dxe5 Bc7 15. Nd3 b6
16. Nf4 Rd8 17. Bxe4 dxe4 18. Qe2 Qc5 19. Bd4 Rxd4 20. exd4 Qxd4 21. h3 gxh3 22.
Qh5 Qxe5 23. Qe8+ Kg7 24. Rad1 e3 25. Rfe1 exf2+ 26. Kxf2 Qc5+ 27. Kf1 Bxf4 28.
gxf4 h2 29. Kg2 Qf8 30. Qxf8+ Kxf8 31. Rd8+ Ke7 32. Rh8 Kd6 33. Kxh2 Bb7 34.
Rxa8 Bxa8 35. Kg3 c5 36. Rd1+ Ke7 37. Rd2 Be4 38. Rh2 Bb1 39. a3 a5 40. Rxh7+
Kd6 41. Rb7 Kc6 42. Re7 Kd6 43. Rh7 Ba2 44. b4 axb4 45. axb4 Bxc4 46. bxc5+ bxc5
47. Kf3 Kd5 48. Ke3 Bb5 49. Rc7 c4 50. Kd2 Kd4 51. Rd7+ Ke4 52. Rc7 Kxf4 53. Rc5
Bd7 54. Rxc4+ Kg5 55. Ke3 e5 56. Rc7 Be6 57. Re7 Kf6 58. Re8 f4+ 59. Kf3 Bd5+
60. Kg4 Be6+ 61. Kf3 Bf7 62. Rf8 Ke6 63. Rb8 Kf6 64. Rb6+ Be6 65. Kf2 Kf5 66.
Rb5 Bd7 67. Rb7 Be6 68. Rg7 e4 69. Ra7 e3+ 70. Ke2 Bc4+ 71. Kf3 Bd5+ 72. Ke2 Ke4
73. Re7+ Kd4 74. Rd7 f3+ 75. Kf1 f2 76. Ke2 Ke4 77. Re7+ Kf4 0-1

[Event "Titled Tue 17th Jun Late"]
[Site "chess.com INT"]
[Date "2025.06.17"]
[Round "3"]
[White "Beyer, Lorenz"]
[Black "Przybylski, Wojciech"]
[Result "1/2-1/2"]
[WhiteTitle "CM"]
[BlackTitle "FM"]
[WhiteElo "2226"]
[BlackElo "2340"]
[WhiteFideId "16245393"]
[BlackFideId "1117599"]
[EventDate "2025.06.17"]

1. d4 d5 2. Bf4 Bf5 3. Nf3 Nf6 4. e3 e6 5. Bd3 Bd6 6. Bg3 Bg6 7. Ne5 Ne4 8. Bxe4
Bxe4 9. O-O O-O 10. Nd2 Bf5 11. c4 f6 12. Nef3 Bd3 13. Re1 dxc4 14. b3 b5 15.
bxc4 bxc4 16. Rc1 Ba3 17. Rc3 Bb4 18. Rxd3 cxd3 19. Qb3 Qe7 20. Rc1 Bd6 21. Qxd3
Nd7 22. Ne4 Bxg3 23. hxg3 Rac8 24. Qa6 Nb6 25. Qxa7 Nd5 26. Qc5 Qxc5 27. Nxc5
Kf7 28. a4 Ra8 29. Nd2 Rfb8 30. Kf1 h5 31. Nc4 Rb4 32. a5 Rxc4 33. Rxc4 Rxa5 34.
Nd3 Ra1+ 35. Ke2 Ra2+ 36. Kf1 Ra1+ 37. Ne1 f5 38. Rc2 g5 39. Ke2 Ke7 40. Nd3 Rg1
41. Ne1 h4 42. gxh4 gxh4 43. Nf3 Rxg2 44. Nxh4 Rg8 45. Nf3 Rg2 46. Ne5 Kf6 47.
Kf3 Rh2 48. Rc6 Ke7 49. Nd3 Rh3+ 50. Ke2 Kd7 51. Ra6 Rh2 52. Nc5+ Ke7 53. Rxe6+
Kf7 54. Ra6 Nc3+ 55. Kd3 Nd5 56. f3 Nb4+ 57. Kc4 Nxa6 58. Nxa6 Ke7 59. Kd5 Kd7
60. Nc5+ Ke7 61. e4 fxe4 62. fxe4 Rh6 63. e5 Rb6 64. Ne4 Rb5+ 65. Kc6 Rb4 66.
Kxc7 Rxd4 67. Nd6 Ke6 68. Kc6 Kxe5 69. Nb5 Rd1 70. Kc5 Rc1+ 71. Kb4 Kd5 72. Nc3+
Kc6 73. Kc4 Rh1 74. Kd4 Rh4+ 75. Ne4 Rh5 76. Nc3 Kd6 77. Ne4+ Ke6 78. Nc5+ Kf5
79. Kd5 Rh1 80. Kd4 Ra1 81. Kd5 Rd1+ 82. Kc4 Ke5 83. Nd3+ Ke6 84. Nc5+ Kd6 85.
Nd3 Ra1 86. Kd4 Ra4+ 87. Ke3 Rh4 88. Nf4 Kc5 89. Nd3+ 1/2-1/2

[Event "Titled Tue 17th Jun Late"]
[Site "chess.com INT"]
[Date "2025.06.17"]
[Round "4"]
[White "Hansen, Eric"]
[Black "Piesik, Piotr"]
[Result "1-0"]
[WhiteTitle "GM"]
[BlackTitle "IM"]
[WhiteElo "2609"]
[BlackElo "2436"]
[WhiteFideId "2606771"]
[BlackFideId "1136194"]
[EventDate "2025.06.17"]

1. e4 e6 2. d4 d5 3. Nc3 Bb4 4. e5 b6 5. a3 Bxc3+ 6. bxc3 Ne7 7. Qg4 O-O 8. Bg5
Kh8 9. Qh4 Nbc6 10. Bd3 g6 11. Bf6+ 1-0

[Event "Titled Tue 17th Jun Late"]
[Site "chess.com INT"]
[Date "2025.06.17"]
[Round "4"]
[White "Ambartsumian, Tyhran"]
[Black "Alrehaili, Ahmed Abdullah S"]
[Result "1-0"]
[WhiteTitle "CM"]
[BlackTitle "FM"]
[WhiteElo "2244"]
[BlackElo "2145"]
[WhiteFideId "34161112"]
[BlackFideId "21518840"]
[EventDate "2025.06.17"]

1. e4 e5 2. Nf3 Nc6 3. Nc3 Nf6 4. d4 exd4 5. Nxd4 Bb4 6. Nxc6 bxc6 7. Bd3 O-O 8.
O-O h6 9. e5 Nd5 10. Nxd5 cxd5 11. Qg4 Qe7 12. Bxh6 Qxe5 13. Qxb4 gxh6 14. Rfe1
Qg7 15. Re3 Kh8 16. Rg3 Qf6 17. Qxf8# 1-0

[Event "Titled Tue 17th Jun Late"]
[Site "chess.com INT"]
[Date "2025.06.17"]
[Round "4"]
[White "Swaminathan, Pranav"]
[Black "Liyanage, Pesandu Rashmitha"]
[Result "0-1"]
[BlackTitle "FM"]
[WhiteElo "2113"]
[BlackElo "2129"]
[WhiteFideId "30970482"]
[BlackFideId "9947876"]
[EventDate "2025.06.17"]

1. e4 e6 2. d3 d5 3. Qe2 Ne7 4. Nf3 g6 5. g3 Bg7 6. Bg2 O-O 7. O-O c5 8. c3 Nbc6
9. e5 b5 10. d4 Rb8 11. Bg5 b4 12. h4 bxc3 13. bxc3 cxd4 14. cxd4 Qb6 15. Rd1
Ba6 16. Qe3 Nf5 17. Qf4 Be2 18. Rc1 Bxf3 19. Bxf3 Nfxd4 20. Bf6 Nxf3+ 21. Qxf3
Nxe5 22. Bxe5 Bxe5 0-1

[Event "Titled Tue 17th Jun Late"]
[Site "chess.com INT"]
[Date "2025.06.17"]
[Round "4"]
[White "Lysyj, Igor"]
[Black "Ersoz, Teoman Guney"]
[Result "1-0"]
[WhiteTitle "GM"]
[BlackTitle "CM"]
[WhiteElo "2582"]
[BlackElo "2052"]
[WhiteFideId "4150120"]
[BlackFideId "44537050"]
[EventDate "2025.06.17"]

1. d4 Nf6 2. c4 c5 3. d5 b5 4. cxb5 a6 5. bxa6 g6 6. Nc3 Bg7 7. a7 Rxa7 8. e4
O-O 9. Nf3 d6 10. Be2 Ba6 11. O-O Bxe2 12. Qxe2 Nbd7 13. a4 Qb8 14. Ra3 Ng4 15.
Nb5 Rb7 16. b3 Nge5 17. Nd2 Rc8 18. f4 c4 19. bxc4 Nxc4 20. Nxc4 Rbc7 21. Nxc7 1-0

[Event "Titled Tue 17th Jun Late"]
[Site "chess.com INT"]
[Date "2025.06.17"]
[Round "4"]
[White "Graif, William"]
[Black "Talibov, Shiroghlan"]
[Result "1-0"]
[WhiteTitle "FM"]
[BlackTitle "IM"]
[WhiteElo "2211"]
[BlackElo "2414"]
[WhiteFideId "2609835"]
[BlackFideId "13429078"]
[EventDate "2025.06.17"]

1. e4 c5 2. Nc3 e6 3. Nge2 Qc7 4. g3 a6 5. Bg2 Ne7 6. O-O Nbc6 7. Re1 g6 8. d4
cxd4 9. Nxd4 Bg7 10. Nde2 b5 11. Nd5 exd5 12. exd5 O-O 13. d6 Qd8 14. Bg5 f6 15.
dxe7 Qxe7 16. Bf4 Bb7 17. Bd6 1-0